[Event "Dortmund op"]
[Site "Dortmund"]
[Date "1995.??.??"]
[Round "6"]
[White "Seger, Ruediger"]
[Black "Kind, Bertram"]
[Result "1-0"]
[WhiteElo "2365"]
[BlackElo "2170"]

1.e4 c5 2.c3 Nf6 3.e5 Nd5 4.d4 cxd4 5.Nf3 Nc6 6.Bc4 Nb6 7.Bb3 d6 8.exd6 Qxd6
9.O-O g6 10.Na3 Bg7 11.Nb5 Qb8 12.Nbxd4 O-O 13.Nxc6 bxc6 14.Qe2 e5 15.Re1 Re8
16.Ng5 Rf8 17.Qe4 Qc7 18.Qh4 h6 19.Ne4 Bf5 20.Bxh6 Bxe4 21.Rxe4 Nd5 22.Qg5 Rfe8
23.Rae1 Re6 24.Bxg7 Kxg7 25.Bxd5 f6 26.Qg4 cxd5 27.Qxe6 dxe4 28.Rd1 Rd8 29.Rd5 Rxd5
30.Qxd5 Qb6 31.Qd2 f5 32.g3 f4 33.gxf4 exf4 34.b4 Qc6 35.Qd4+ Kh6 36.h4 Qc8
37.Qxe4 Qg4+ 38.Qg2 Qd1+ 39.Kh2 Qd6 40.Qg5+ Kh7 41.h5 gxh5 42.Qxh5+ Kg7 43.Qc5 Qb8
44.Qg5+ Kf7 45.Qd5+ Kg6 46.Kg2 Qh8 47.c4 Qb2 48.b5 Qxa2 49.Kf3 Qa3+ 50.Kxf4 Qc1+
51.Ke5 Qg5+ 52.Kd6 Qd8+ 53.Ke5 Qf6+ 54.Ke4 Qxf2 55.Qe6+ Kg7 56.Kd5 Qf3+ 57.Kd6 Qd3+
58.Kc7 Qg3+ 59.Kb7 Qa3 60.Qe5+ Kf7 61.c5 Kg6 62.c6 Qa5 63.Qc5  1-0

[Event "Nord Cup 1st"]
[Site "Duesseldorf"]
[Date "1995.??.??"]
[Round "2"]
[White "Borngaesser, Rene"]
[Black "Mohaupt, Sascha"]
[Result "0-1"]
[WhiteElo "2365"]
[BlackElo "2065"]

1.e4 c5 2.c3 Nf6 3.e5 Nd5 4.d4 cxd4 5.Nf3 Nc6 6.Bc4 Nb6 7.Bb3 d5 8.exd6 Qxd6
9.O-O e6 10.cxd4 Be7 11.Nc3 Nd5 12.Re1 O-O 13.Qd3 Nf6 14.Ne4 Nb4 15.Qe2 Nxe4
16.Qxe4 Bf6 17.a3 Nd5 18.Bc2 g6 19.h4 Bg7 20.Ne5 Nf6 21.Qf4 Nd5 22.Qf3 Ne7
23.Be3 Nd5 24.Rad1 Bd7 25.Bc1 Rac8 26.Bb3 Bc6 27.Qh3 Nf6 28.Bf4 Nd5 29.Bh2 Qe7
30.h5 Qg5 31.hxg6 hxg6 32.Re4 Nf6 33.Rh4 Bxg2 34.Bf4 Bxh3+ 35.Bxg5 Bf5 36.Rf4 Nd5
37.Bxd5 exd5 38.Bh4 f6 39.Rxf5 gxf5 40.Nd7 Rf7 41.Nc5 b6 42.Nd3 Rd7 43.f3 Kf7
44.Be1 Bh6 45.Bd2 Bxd2 46.Rxd2 Rdc7 47.Ne1 Rc1 48.Kf2 R8c7 49.Nd3 R1c2 50.Ke2 Rxd2+
51.Kxd2 Rc4 52.Ke3 Rc2  0-1

[Event "Eger op"]
[Site "Eger"]
[Date "1995.??.??"]
[Round "?"]
[White "Boricsev, Oleg"]
[Black "Kovac, Boris"]
[Result "1-0"]
[WhiteElo "2340"]
[BlackElo "2330"]

1.e4 c5 2.c3 Nf6 3.e5 Nd5 4.d4 cxd4 5.Nf3 Nc6 6.Bc4 Nb6 7.Bb3 g6 8.cxd4 Bg7
9.Bf4 d5 10.exd6 O-O 11.h3 exd6 12.O-O Bf5 13.Nc3 Na5 14.Re1 Nac4 15.Qc1 Re8
16.Rxe8+ Qxe8 17.Bxc4 Nxc4 18.b3 Nb6 19.Bxd6 Qc6 20.Be5 f6 21.d5 Nxd5 22.Nxd5 Qxd5
23.Bb2 Re8 24.Qf4 Bd7 25.Qh4 Re4 26.Qg3 a6 27.Qb8+ Kf7 28.Rc1 Bh6 29.Qd8 Qd6
30.Ba3 Qxa3 31.Qxd7+ Qe7 32.Qd5+ Kg7 33.Rc8 Re1+ 34.Kh2 Re6 35.g3 f5 36.Rd8 Qf6
37.Nd4  1-0

[Event "Elenite"]
[Site "Elenite"]
[Date "1995.??.??"]
[Round "7"]
[White "Dolmatov, Sergey"]
[Black "Tukmakov, Vladimir B"]
[Result "1/2-1/2"]
[WhiteElo "2615"]
[BlackElo "2600"]

1.e4 c5 2.c3 Nf6 3.e5 Nd5 4.d4 cxd4 5.Nf3 e6 6.cxd4 b6 7.Nc3 Nxc3 8.bxc3 Qc7
9.Bd2 d6 10.Bb5+ Nd7 11.O-O a6 12.exd6 Bxd6 13.Bd3 Bb7 14.h3 O-O 15.Re1 Bf4
16.Bxf4  1/2-1/2

[Event "RUS-ch (Women)"]
[Site "Elista"]
[Date "1995.??.??"]
[Round "5"]
[White "Guskova, Elena"]
[Black "Fatalibekova, Elena"]
[Result "0-1"]
[WhiteElo "2185"]
[BlackElo "2225"]

1.e4 c5 2.c3 Nf6 3.e5 Nd5 4.d4 cxd4 5.cxd4 d6 6.Bc4 e6 7.Nf3 Nc6 8.O-O Be7
9.exd6 Qxd6 10.Nc3 Nxc3 11.bxc3 O-O 12.Re1 b6 13.Ng5 Bxg5 14.Bxg5 Bb7 15.Qh5 e5
16.dxe5 Nxe5 17.Rad1 Qc5 18.Be7 Qxe7 19.Rxe5 Qc7 20.Qe2 Rac8 21.Rd4 Qc6 22.Bd5 Qxc3
23.Rd3 Qxe5  0-1

[Event "RUS-ch"]
[Site "Elista"]
[Date "1995.??.??"]
[Round "7"]
[White "Sveshnikov, Evgeny"]
[Black "Filippov, Valerij"]
[Result "1/2-1/2"]
[WhiteElo "2580"]
[BlackElo "2510"]

1.e4 c5 2.c3 Nf6 3.e5 Nd5 4.Nf3 Nc6 5.Bc4 Nb6 6.Bb3 d5 7.exd6 Qxd6 8.Na3 Be6
9.O-O Bxb3 10.axb3 e6 11.Nc4 Qd8 12.d4 cxd4 13.Nxd4 Nxd4 14.Nxb6 Qxb6 15.Be3 Rd8
16.Bxd4 Bc5 17.Bxc5 Qxc5 18.b4 Qc6 19.Qg4 O-O 20.Rxa7 Rd2 21.Qf3 Qxf3 22.gxf3 Rb8
23.Rfa1 Kf8 24.Ra8 Rdd8 25.Rxb8 Rxb8 26.Kf1 Ke7 27.Ke2 Kd6 28.c4 Kc6 29.Kd3 Rd8+
30.Kc3 e5 31.b5+ Kc7 32.Re1 f6 33.f4 exf4 34.c5 Rd5 35.Re7+ Kd8 36.Kc4 Rd2
37.Rxb7 Rxf2 38.Rxg7 f3 39.Rf7 Rxb2 40.Rxf6 f2 41.b6 Ke7 42.Rf3 Kd7 43.Kc3 Rb5
44.Rxf2 Rxc5+ 45.Kb4 Rc1 46.Kb5 Kc8 47.Rf8+ Kb7 48.Rf7+ Kb8 49.Rxh7 Rb1+
50.Kc5 Rc1+ 51.Kd4 Rc6 52.b7 Ra6 53.h4 Ra4+ 54.Kc5 Rf4 55.Kc6 Rc4+ 56.Kd6 Rd4+
57.Ke6 Ra4 58.h5 Ra5 59.Kf6 Rc5 60.Ke6 Rb5 61.Kd6 Rf5 62.Ke7 Re5+ 63.Kf8 Rf5+
64.Kg7 Rc5 65.h6 Rc7+ 66.Kg6 Rc6+ 67.Kf5 Rc5+ 68.Ke6 Rc6+ 69.Ke5 Rb6 70.Kf4 Rc6
71.Kf5 Rc5+ 72.Ke4 Rc6 73.Kf4 Rc4+ 74.Kf5 Rc5+ 75.Kf6 Rc6+ 76.Ke5 Rb6 77.Kf5 Rc6
78.Kg5 Rc5+ 79.Kg6 Rc6+ 80.Kg7 Rc7+ 81.Kh8 Rc6 82.Kg8 Rg6+ 83.Kf8 Rc6 84.Ke8 Rb6
85.Rh8 Kxb7 86.Kd7 Rf6 87.Rh7 Kb8 88.Ke7 Rc6  1/2-1/2

[Event "Enghien les Bains"]
[Site "Enghien les Bains"]
[Date "1995.??.??"]
[Round "4"]
[White "Mellado Trivino, Juan"]
[Black "Carbonnel, Pierre"]
[Result "1-0"]
[WhiteElo "2460"]
[BlackElo "2230"]

1.e4 c5 2.c3 Nf6 3.e5 Nd5 4.d4 cxd4 5.Qxd4 e6 6.Nf3 Nc6 7.Qe4 f5 8.Qe2 b6
9.g3 Qc7 10.Bg2 a5 11.O-O Ba6 12.c4 Bc5 13.b3 O-O 14.a3 Rab8 15.Bb2 Nde7
16.Nc3 Nd4 17.Nxd4 Bxd4 18.Rad1 Bxc3 19.Bxc3 b5 20.Qd2 bxc4 21.Bxa5 Qxe5
22.Rfe1 Qf6 23.Qxd7 Bc8 24.Qc7 Rxb3 25.Bb4 Kf7 26.Qxc4 Rb2 27.Rc1 Qg5 28.Qc3 Qf6
29.Qxf6+ gxf6 30.Rc7  1-0

[Event "Catalunya-chT"]
[Site "ESP"]
[Date "1995.??.??"]
[Round "?"]
[White "Baron Isanta, Jose Maria"]
[Black "Gual Pascual, Antonio"]
[Result "1/2-1/2"]
[WhiteElo "2355"]
[BlackElo "2295"]

1.e4 c5 2.c3 Nf6 3.e5 Nd5 4.d4 cxd4 5.Nf3 Nc6 6.Bc4 Nb6 7.Bb3 d5 8.exd6 Qxd6
9.O-O Be6 10.Bxe6 Qxe6 11.Nxd4 Nxd4 12.Qxd4 Rd8 13.Qc5 Qd5 14.Be3 Qxc5 15.Bxc5 Na4
16.Bxa7 Nxb2 17.Na3 e6 18.Nb5 Na4 19.Rfd1 Bc5 20.Bxc5 Nxc5 21.Rd4 Ke7 22.Rc4 Na6
23.Rb1 Rd7 24.f4 Rhd8 25.Nd4 Rb8 26.Kf2 Rd5 27.Ke3 g5 28.fxg5 Rxg5 29.g3 Kd7
30.Rf1 Ke8 31.Rb1 Re5+ 32.Kd2 Nc5 33.Rb5 b6 34.a4 Rd5 35.Kc2 Nd7 36.Rcb4 Ra8
37.Rxd5 exd5 38.Nf5 Ra5 39.Ne3 Ke7 40.Rh4 Rc5 41.Kb3 Nf6 42.Rh6 Ne4 43.c4 dxc4+
44.Nxc4 b5 45.Nb6 bxa4+ 46.Nxa4 Rg5 47.Rxh7 Nxg3 48.hxg3 Rxg3+ 49.Kc2 Kf6
50.Nc3 Kg6 51.Rh8 Re3 52.Kd2 Re5 53.Nd1 Kg7 54.Rh4 Kg6 55.Ne3 Rh5 56.Rg4+ Rg5
57.Rf4 Ra5 58.Ke2 Rh5 59.Kf3 Ra5 60.Rb4 Rc5 61.Kf4  1/2-1/2

[Event "FIN-chT"]
[Site "FIN"]
[Date "1995.??.??"]
[Round "?"]
[White "Lehtivaara, Risto"]
[Black "Pyhala, Antti"]
[Result "1-0"]
[WhiteElo "2255"]
[BlackElo "2350"]

1.e4 c5 2.c3 Nf6 3.e5 Nd5 4.d4 d6 5.Nf3 Nc6 6.dxc5 dxe5 7.Bb5 f6 8.Nbd2 Nf4
9.O-O Bg4 10.Qb3 Qd7 11.a4 h5 12.a5 a6 13.Bc4 e6 14.Ne4 Bxf3 15.gxf3 Nd5
16.Rd1 O-O-O 17.f4 Qf7 18.f5 h4 19.fxe6 Qg6+ 20.Kf1 Nc7 21.Nd6+ Bxd6 22.cxd6 h3
23.dxc7 Qg2+ 24.Ke1 Kxc7 25.Be3 Qxh2 26.Bb6+ Kc8 27.Bxd8 Qg1+ 28.Bf1 h2 29.Rd7 Nxd8
30.Qb6 Qxf1+ 31.Kd2 Qc4 32.Rh1 Qf4+ 33.Kc2 Qe4+ 34.Kb3 Qc6 35.Qxc6+ bxc6
36.Ra7 Kb8 37.Rxh2 Rxh2 38.e7 Rh8 39.exd8=Q+ Rxd8 40.Rxg7 Rd2 41.f3 Rf2 42.Rf7 Rxf3
43.Kc4 Kc8 44.Kc5 Kd8 45.Kxc6 Ke8 46.Rh7 e4 47.Kd6 f5 48.c4 f4 49.Re7+ Kd8
50.Rxe4 Rd3+ 51.Kc6 f3 52.Rf4 Rb3 53.c5 Ke7 54.Kc7 Ke6 55.c6 Ke5 56.Rf8 Ke6
57.Kc8 Ke7 58.Rf4 Kd6 59.c7 Ke7 60.Re4+ Kd6 61.Kd8 f2 62.c8=Q f1=Q 63.Re6+ Kd5
64.Qc6+ Kd4 65.Re4+  1-0

[Event "Foment op"]
[Site "Foment"]
[Date "1995.??.??"]
[Round "8"]
[White "Jerez Perez, Alfonso"]
[Black "De la Riva Aguado, Oscar"]
[Result "1/2-1/2"]
[WhiteElo "2355"]
[BlackElo "2430"]

1.e4 c5 2.c3 Nf6 3.e5 Nd5 4.d4 cxd4 5.cxd4 d6 6.Nf3 Nc6 7.Bc4 Nb6 8.Bb5 dxe5
9.Nxe5 Bd7 10.Bxc6 Bxc6 11.Nxc6 bxc6 12.O-O g6 13.Re1 Bg7 14.Bg5 O-O 15.Bxe7 Qxd4
16.Nc3 Qxd1 17.Raxd1 Rfe8 18.Kf1 Nc4 19.Na4 Nxb2 20.Nxb2 Bxb2 21.Rd7 a5 22.a4 Rab8
23.g3 Bc3 24.Rc1 Bb4 25.Bxb4 Rxb4 26.Rxc6 Rxa4 27.Rcc7 Rf8  1/2-1/2

[Event "Foment op"]
[Site "Foment"]
[Date "1995.??.??"]
[Round "8"]
[White "Ferron Garcia, Carlos"]
[Black "Castelltort Fernandez, Antonio"]
[Result "0-1"]
[WhiteElo "2275"]
[BlackElo "2280"]

1.e4 c5 2.c3 Nf6 3.e5 Nd5 4.d4 cxd4 5.Nf3 Nc6 6.Bc4 Nb6 7.Bb3 d5 8.exd6 Qxd6
9.O-O Be6 10.Bxe6 Qxe6 11.a4 Qd7 12.a5 Nd5 13.Nxd4 e6 14.a6 b6 15.Nb5 Rd8
16.Qa4 Nc7 17.Nxc7+ Qxc7 18.Be3 Bd6 19.h3 O-O 20.Nd2 Ne5 21.Qb5 Nd3 22.Bd4 Nf4
23.Ne4 e5 24.Be3 Be7 25.Ra4 Rd5 26.Rc4 Qd8 27.Qc6 Rd1 28.Rxd1 Qxd1+ 29.Kh2 Ne2  0-1

[Event "FRA-chT"]
[Site "FRA"]
[Date "1995.??.??"]
[Round "?"]
[White "Sermek, Drazen"]
[Black "Rotstein, Arkadij"]
[Result "1/2-1/2"]
[WhiteElo "2515"]
[BlackElo "2490"]

1.e4 c5 2.c3 Nf6 3.e5 Nd5 4.Nf3 e6 5.d4 cxd4 6.cxd4 d6 7.Bc4 dxe5 8.dxe5 Be7
9.O-O O-O 10.Qe2 Nd7 11.Rd1 N7b6 12.Bd3 Bd7 13.Qe4 g6 14.Bh6 Re8 15.Nc3 Nxc3
16.bxc3 Qc7 17.Ng5 Bc6 18.Qf4 Bc5 19.Qf6 Bf8 20.Bxf8 Rxf8 21.Qf4 Kg7 22.Be4 Bxe4
23.Qf6+ Kg8 24.Nxe4 Nd5 25.Qg5 Kg7 26.Nf6 Qxc3 27.Rac1 Qb2 28.Rxd5 exd5 29.Ng4 Rfc8
30.Qf6+ Kf8 31.Qh8+ Ke7 32.Qf6+ Kf8 33.Qh8+  1/2-1/2

[Event "FRA-chT"]
[Site "FRA"]
[Date "1995.??.??"]
[Round "?"]
[White "Schmitt, Andre"]
[Black "Lejeune, Jean Pierre"]
[Result "1/2-1/2"]
[WhiteElo "2285"]
[BlackElo "2320"]

1.e4 c5 2.c3 Nf6 3.e5 Nd5 4.Nf3 e6 5.d4 cxd4 6.cxd4 d6 7.Nc3 Nxc3 8.bxc3 Nd7
9.Bf4 dxe5 10.Nxe5 Be7 11.Bd3 Bf6 12.O-O O-O 13.Re1 Bxe5 14.dxe5 Nc5 15.Re3 Nxd3
16.Rxd3 Qc7 17.Qd2 b6 18.Rg3 g6 19.Bh6 Qxe5 20.Bxf8 Kxf8 21.Qd8+ Kg7 22.Re3 Qf6
23.Qc7 Kg8 24.Rd1 Ba6 25.Rf3 Qg7 26.Rd7 Rf8 27.Qxa7 Bc4 28.Qxb6 Bxa2 29.h3 Bd5
30.Re3 Qh6 31.Rd8 Qg5 32.Rxf8+ Kxf8 33.Qc5+ Kg8 34.Rg3 Qc1+ 35.Kh2 Qc2 36.Qe3 h5
37.Rg5 Qd1 38.Rg3 Qf1 39.h4 Qc4 40.f4 Kh7 41.Qd4 Qc7 42.Qe5 Qe7 43.Qg5 Qc7
44.Qf6 Kg8 45.Qe5 Qe7 46.Kh3 Qc5 47.Qe3 Qc4 48.Kh2 Qf1 49.Rg5 Kh7 50.Qg3 Qe2
51.Re5 Qd2 52.Rg5 Qe2 53.Re5 Qd2 54.Kh3  1/2-1/2

[Event "Peer Gynt"]
[Site "Gausdal"]
[Date "1995.??.??"]
[Round "2"]
[White "Rausis, Igors"]
[Black "Steingrimsson, Hedinn"]
[Result "1-0"]
[WhiteElo "2495"]
[BlackElo "2410"]

1.e4 c5 2.c3 Nf6 3.e5 Nd5 4.Nf3 e6 5.Bc4 d6 6.O-O dxe5 7.Nxe5 Bd6 8.d4 O-O
9.Re1 Qc7 10.Qe2 cxd4 11.cxd4 Nc6 12.Nf3 Nce7 13.Nc3 Nxc3 14.bxc3 b6 15.Bd3 Bb7
16.Bxh7+ Kxh7 17.Ng5+ Kg6 18.Qg4 f5 19.Qh4 Bd5 20.Qh7+ Kf6 21.c4 Qxc4 22.Qh5 g6
23.Qh4 Rh8 24.Ne4+ Kg7 25.Qf6+ Kg8 26.Nxd6 Rf8 27.Qxh8+ Kxh8 28.Nxc4 Bxc4
29.Ba3 Rf7 30.Rec1 b5 31.Bd6 Nc6 32.a4 a6 33.axb5 axb5 34.Ra6 Nd8 35.Ra8 Rd7
36.Be5+ Kh7 37.Rc3 g5 38.Rh3+ Kg6 39.Rh8 b4 40.Raxd8  1-0

[Event "Peer Gynt"]
[Site "Gausdal"]
[Date "1995.??.??"]
[Round "3"]
[White "Royset, Paal"]
[Black "Rausis, Igors"]
[Result "0-1"]
[WhiteElo "2220"]
[BlackElo "2495"]

1.e4 c5 2.c3 Nf6 3.e5 Nd5 4.d4 cxd4 5.Nf3 e6 6.cxd4 b6 7.Nc3 Nxc3 8.bxc3 Qc7
9.Bd2 d6 10.Bd3 Nd7 11.exd6 Bxd6 12.O-O Bb7 13.Re1 O-O 14.h3 Bf4 15.Bxf4 Qxf4
16.Ne5 Nxe5 17.Rxe5 Rac8 18.Qc2 g6 19.Rae1 Rfd8 20.Qb2 Rc7 21.Be2 Rd5 22.Bd1 Kg7
23.Bb3 Rd6 24.R1e3 Qf6 25.Qd2 a6 26.h4 h5 27.Rg5 Rc5 28.Reg3 Rf5 29.Bc2 Rxg5
30.hxg5 Qe5 31.Qc1 Qd5 32.Qf4 Kg8 33.Bb3 Qc6 34.Rf3 Qc7 35.Re3 Rd7 36.Qf6 Bd5
37.Qe5 Qxe5 38.Rxe5 Kf8 39.f4 Bb7 40.g3 Rc7 41.c4 a5 42.d5 a4 43.d6 Rd7 44.Bxa4 Rxd6
45.Re2 Rd4 46.Bb3 Rd3 47.Kh2 Ke7 48.Kh3 Kd6 49.Kh2 Bf3 50.Rf2 Bc6 51.Re2 Kc5
52.Kh3 Kd4 53.Kh2 Rf3  0-1

[Event "Troll Masters"]
[Site "Gausdal"]
[Date "1995.??.??"]
[Round "3"]
[White "Olesen, Martin"]
[Black "Ward, Christopher"]
[Result "1/2-1/2"]
[WhiteElo "2340"]
[BlackElo "2485"]

1.e4 c5 2.c3 Nf6 3.e5 Nd5 4.d4 cxd4 5.Nf3 Nc6 6.Bc4 Nb6 7.Bb3 d5 8.exd6 Qxd6
9.O-O g6 10.Na3 a6 11.Ng5 e6 12.Qf3 Qe7 13.Bf4 Bh6 14.Ne4  1/2-1/2

[Event "Troll Masters"]
[Site "Gausdal"]
[Date "1995.??.??"]
[Round "5"]
[White "Olesen, Martin"]
[Black "Hagesaether, Paal Vegard"]
[Result "1-0"]
[WhiteElo "2340"]
[BlackElo "2150"]

1.e4 c5 2.c3 Nf6 3.e5 Nd5 4.d4 cxd4 5.Nf3 e6 6.cxd4 b6 7.Bd3 Bb4+ 8.Bd2 Bxd2+
9.Qxd2 Ba6 10.Be4 Nc6 11.Bxd5 exd5 12.Nc3 Nb4 13.a3 Nd3+ 14.Kd1 O-O 15.Ne1 Nxe1
16.Rxe1 d6 17.Kc2 dxe5 18.Rxe5 Qd6 19.Rae1 Qg6+ 20.Kc1 Qxg2 21.Nxd5 f6 22.Ne7+ Kh8
23.R5e3 Qxh2 24.Kb1 f5 25.Qc3 Qg2 26.Rg3 Qxf2 27.Ng6+ Kg8 28.Nxf8 Rc8 29.Rf3 Qh4
30.Qb4 Rxf8 31.Qxf8+ Kxf8 32.Rxf5+ Qf6 33.Rxf6+ gxf6 34.d5 Bd3+ 35.Kc1 f5
36.Re5  1-0

[Event "Peer Gynt"]
[Site "Gausdal"]
[Date "1995.??.??"]
[Round "8"]
[White "Royset, Paal"]
[Black "Jansa, Vlastimil"]
[Result "0-1"]
[WhiteElo "2220"]
[BlackElo "2525"]

1.e4 c5 2.c3 Nf6 3.e5 Nd5 4.d4 cxd4 5.Nf3 e6 6.cxd4 b6 7.a3 Be7 8.Bd3 Ba6
9.O-O O-O 10.Re1 Bxd3 11.Qxd3 Nc6 12.Nbd2 Rc8 13.Ne4 h6 14.Ng3 Qe8 15.Qe4 f5
16.exf6 Rxf6 17.Be3 Bd6 18.Qg4 Bxg3 19.hxg3 Qf7 20.Rac1 Rf8 21.Bd2 Rf5 22.Qe4 Nf6
23.Qd3 Ng4 24.Kf1 Rd5 25.Be3 Qh5 26.Ke2 Nxe3 27.fxe3 Qg4 28.Rf1 Qxg3 29.Qe4 Rdf5
30.Rf2 Qd6 31.Rcf1 a5 32.Qd3 R5f6 33.Kd1 Qd5 34.Qc2 Qf5 35.Qxf5 Rxf5 36.Kd2 g5
37.Ke2 Kg7 38.Nd2 Rxf2+ 39.Rxf2 Rxf2+ 40.Kxf2 d5 41.Nb1 h5 42.Nc3 Kf6 43.e4 dxe4
44.Nxe4+ Kf5 45.Ke3 h4 46.Nd6+ Kg4 47.Nf7 Ne7 48.Kf2 Nd5 49.Nd8 Kf5 50.Nf7 g4
51.Ne5 a4 52.Nc6 Ke4 53.Ke2 Nf4+  0-1

[Event "Arnold Cup"]
[Site "Gausdal"]
[Date "1995.??.??"]
[Round "8"]
[White "Rausis, Igors"]
[Black "Sadler, Matthew"]
[Result "1-0"]
[WhiteElo "2495"]
[BlackElo "2575"]

1.e4 c5 2.c3 Nf6 3.e5 Nd5 4.Nf3 Nc6 5.d4 cxd4 6.cxd4 d6 7.Bc4 Nb6 8.Bb3 dxe5
9.d5 Na5 10.Nc3 g6 11.Nxe5 Bg7 12.Bf4 Nd7 13.Qe2 O-O 14.O-O Nxe5 15.Bxe5 Bg4
16.Qe3 Nxb3 17.axb3 Qb6 18.Bxg7 Qxe3 19.fxe3 Kxg7 20.Rf4 Bd7 21.Rc4 Rfc8
22.e4 a6 23.e5 Bf5 24.Kf2 Rxc4 25.bxc4 Rc8 26.Ra4 Bd7 27.Rb4 b5 28.cxb5 axb5
29.Ke3 e6 30.dxe6 fxe6 31.h4 Kf8 32.Ne4 Ke7 33.Nf6 Rc5 34.Kf4 Bc6 35.g4 h6
36.Ng8+ Kf8 37.Nxh6 Kg7 38.g5 Rc1 39.Ke3 Rc5 40.Ng4 Rc2 41.Nf2 Kg8 42.Rb3 Be8
43.Nd3 Rh2 44.Rb4 Kf8 45.Rf4+ Ke7 46.Nf2 Bc6 47.b4 Bd5 48.Kd4 Bc6 49.Kc5 Be8
50.Kb6 Rg2 51.Kc7 Rh2 52.Ne4 Rc2+ 53.Nc5 Re2 54.Re4 Rb2 55.Kb6 Rb1 56.Nb7  1-0

[Event "BL2-N9495"]
[Site "Germany"]
[Date "1995.??.??"]
[Round "?"]
[White "Darnstaedt, Frank"]
[Black "Berndt, Stephan"]
[Result "0-1"]
[WhiteElo "2305"]
[BlackElo "2310"]

1.e4 c5 2.c3 Nf6 3.e5 Nd5 4.d4 cxd4 5.Nf3 Nc6 6.Bc4 Nb6 7.Bb3 d6 8.exd6 Qxd6
9.Na3 a6 10.O-O e6 11.Nxd4 Nxd4 12.cxd4 Be7 13.Qf3 Nd5 14.Nc4 Qd8 15.Qg3 O-O
16.Rd1 Bd7 17.Ne5 Rc8 18.Bh6 Bf6 19.Rac1 Kh8 20.Rxc8 Bxc8 21.Bd2 Qb6 22.Qg4 Kg8
23.Rc1 Ne7 24.Qe4 Ng6 25.h3 Qd6 26.a3 Bxe5 27.Bb4 Bh2+ 28.Kh1 Qf4 29.Qc2 Bd7
30.Bxf8 Nxf8 31.Rd1 Qc7 32.g3 Bxg3 33.fxg3 Qxg3 34.Qd3 Qf2 35.d5 Qxb2 36.dxe6 fxe6  0-1

[Event "BL2-N9495"]
[Site "Germany"]
[Date "1995.??.??"]
[Round "?"]
[White "Darnstaedt, Frank"]
[Black "Maxion, Dirk"]
[Result "1/2-1/2"]
[WhiteElo "2305"]
[BlackElo "2255"]

1.e4 c5 2.c3 Nf6 3.e5 Nd5 4.d4 cxd4 5.Nf3 e6 6.cxd4 b6 7.Nc3 Nxc3 8.bxc3 Qc7
9.Bd2 Bb7 10.Bd3 d6 11.O-O Nd7 12.Re1 Be7 13.exd6 Bxd6 14.Ne5 Nxe5 15.dxe5 Bxe5
16.Qh5 O-O-O 17.Qxe5 Qxe5 18.Rxe5 Rxd3 19.Be1 Rhd8 20.Rc1 Rd1 21.Rc2 R8d5
22.Re3 Ba6 23.c4 Rc5 24.f3 Rxc4 25.Rxc4+ Bxc4 26.a3 Kb7 27.Kf2 Ra1 28.g4 Ra2+
29.Kg3 Re2 30.Rxe2 Bxe2 31.Kf2 Bd1 32.Ke3 Kc6 33.g5 Kd5 34.Bc3 g6 35.f4 Kc4
36.Kd2 Bg4 37.Be5 Kb3 38.Bd6 a5 39.Kc1 b5 40.Be7 Bf5 41.Kd2 Kc4 42.Bf6 b4
43.axb4 Kxb4 44.Bc3+ Kb5 45.Bf6 Kc4 46.Be5 a4 47.Bf6 Bh3 48.Be5 a3 49.Bf6 Kd5
50.Ke3 e5 51.Bxe5 Ke6 52.Kd2 Bg2 53.Kc2 Bd5 54.Kb1 Kf5 55.Ka1 f6 56.Bxf6 h5
57.Bc3 Kxf4  1/2-1/2

[Event "BL2-N9495"]
[Site "Germany"]
[Date "1995.??.??"]
[Round "?"]
[White "Lauzeningks, Jan"]
[Black "Berndt, Stephan"]
[Result "1/2-1/2"]
[WhiteElo "2320"]
[BlackElo "2310"]

1.e4 c5 2.c3 Nf6 3.e5 Nd5 4.d4 cxd4 5.Nf3 Nc6 6.Bc4 Nb6 7.Bb3 d6 8.exd6 Qxd6
9.O-O e6 10.cxd4 Be7 11.Nc3 O-O 12.Ne4 Qd8 13.a3 Nd5 14.Qd3 b6 15.Bc2 f5
16.Nc3 Nxc3 17.Qxc3 Qd6 18.Re1 Bf6 19.Bf4 Qxf4 20.Qxc6 Rb8 21.Rad1 Kh8 22.Ne5 Bxe5
23.Rxe5 Qg5 24.d5 exd5 25.Qd6 Bb7 26.Rxf5 Qd8 27.Qf4 Qe7 28.h3 Rbe8 29.Qg4 Qc5
30.Bb1 Bc8 31.Rxf8+ Rxf8 32.Qh4 Bf5 33.b4 Qd6 34.Ba2 Be6 35.Bb1 Bg8 36.Ba2 a5
37.Qd4 axb4 38.Qxb4 Qxb4 39.axb4 Rf4 40.Bxd5 Rxb4  1/2-1/2

[Event "BL2-N9495"]
[Site "Germany"]
[Date "1995.??.??"]
[Round "?"]
[White "Lauzeningks, Jan"]
[Black "Heinig, Wolfram"]
[Result "1/2-1/2"]
[WhiteElo "2320"]
[BlackElo "2335"]

1.e4 c5 2.c3 Nf6 3.e5 Nd5 4.d4 cxd4 5.Nf3 Nc6 6.Bc4 Nb6 7.Bb3 d5 8.exd6 Qxd6
9.Na3 a6 10.O-O e6 11.cxd4 Be7 12.Be3 O-O 13.Qd2 Nd5 14.Nc4 Qd8 15.Rac1 b5
16.Nce5 Nxe5 17.dxe5 Bb7 18.a3 Nxe3 19.Qxe3 Rc8 20.Rxc8 Qxc8 21.Rc1 Qb8 22.Nd4 Rc8
23.Bc2 g6 24.Rd1 Bc5 25.Bb3 Rd8 26.Qf4 Bd5 27.Rd2 Qb6 28.Bxd5 Rxd5 29.Nb3 Qd8
30.h4 Rxd2 31.Nxd2 Qd4 32.Ne4 Kf8 33.Kh2 Be7 34.b4 h5 35.g3 Kg7 36.Kh3 Qa1
37.Kh2 Qd4 38.Kg2 Qd5 39.Kh2 Qc4 40.Qe3 Qd5 41.Ng5 Bxg5 42.hxg5 Qc4 43.Kg2 Qg4
44.Kh2 h4 45.gxh4 Qxh4+ 46.Kg2 Qg4+  1/2-1/2

[Event "BL2-N9495"]
[Site "Germany"]
[Date "1995.??.??"]
[Round "?"]
[White "Lauzeningks, Jan"]
[Black "Schirm, Friedmar"]
[Result "0-1"]
[WhiteElo "2320"]
[BlackElo "2280"]

1.e4 c5 2.c3 Nf6 3.e5 Nd5 4.Nf3 e6 5.d4 cxd4 6.cxd4 b6 7.Nc3 Nxc3 8.bxc3 Qc7
9.Bd2 Bb7 10.Bd3 d6 11.O-O Nd7 12.Re1 dxe5 13.Nxe5 Nxe5 14.Rxe5 Bd6 15.Rh5 g6
16.Rh3 Qc6 17.Bf1 O-O 18.Qg4 f5 19.Qh4 Rf7 20.Bf4 Qc7 21.Bxd6 Qxd6 22.f4 Rc8
23.Qf2 Rfc7 24.Qd2 Bd5 25.Ba6 Rd8 26.Bf1 Bc4 27.Rb1 Rdc8 28.Bxc4 Rxc4 29.Rf3 a6
30.Rb3 b5 31.h3 b4 32.Rxb4 Rxb4 33.cxb4 Rc4 34.a3 Rxd4 35.Qc3 Rd1+ 36.Kf2 h5
37.Qf6 Kh7 38.Kg3 Rd4 39.Qf7+ Kh6 40.Qg8 h4+ 41.Kh2 Rxf4 42.Rxf4 Qxf4+ 43.Kh1 Qc1+
44.Kh2 Qc7+ 45.Kh1 e5 46.a4 e4 47.Qh8+ Kg5 48.Qd4 Qc6 49.Qd8+ Qf6 50.Qd2+ Kh5
51.b5 axb5 52.Qe2+ Kh6 53.axb5 Qd4 54.Kh2 Kg5 55.Kh1 Qd3  0-1

[Event "BL2-N9495"]
[Site "Germany"]
[Date "1995.??.??"]
[Round "?"]
[White "Tomczak, Rainer"]
[Black "Borik, Otto"]
[Result "1-0"]
[WhiteElo "2320"]
[BlackElo "2415"]

1.e4 c5 2.c3 Nf6 3.e5 Nd5 4.d4 cxd4 5.Nf3 Nc6 6.cxd4 e6 7.Bc4 Nb6 8.Bb3 d5
9.O-O Be7 10.Nc3 O-O 11.Bc2 Bd7 12.Qd3 g6 13.a3 Rc8 14.h4 Bxh4 15.g3 Be7
16.Bh6 Re8 17.Kg2 f5 18.Rh1 Nc4 19.Rh2 Qc7 20.Rah1 Nd8 21.Bc1 h5 22.g4 Rf8
23.gxf5 Rxf5 24.Qe2 Rf7 25.Bxg6 Rg7 26.Ng5 Kf8 27.Qf3+ Nf7 28.Rxh5 Bxg5 29.Rh8+  1-0

[Event "BL2-O9495"]
[Site "Germany"]
[Date "1995.??.??"]
[Round "?"]
[White "Braun, Gottfried"]
[Black "Jansa, Vlastimil"]
[Result "1/2-1/2"]
[WhiteElo "2330"]
[BlackElo "2500"]

1.e4 c5 2.c3 Nf6 3.e5 Nd5 4.Nf3 b6 5.Na3 Bb7 6.Qa4 e6 7.Qg4 Nc6 8.Be2 Qb8
9.d4 cxd4 10.cxd4 f5 11.Qg5 Qd8 12.h4 Bxa3 13.Qxg7 Rf8 14.bxa3 Qe7 15.Qxe7+ Kxe7
16.Bg5+ Kf7 17.Bd2 Rg8 18.Kf1 Rac8 19.Rc1 Nce7 20.Ng5+ Kg7 21.Rxc8 Rxc8 22.Bd3 Nc3
23.f3 Nxa2 24.Kf2 Nc3 25.Rc1 Ncd5 26.Rxc8 Bxc8 27.Nh3 Nc6 28.Be3 Nce7 29.Nf4 Bb7
30.g4 Nxe3 31.Kxe3 fxg4 32.fxg4 Nd5+ 33.Nxd5 Bxd5 34.g5 h6 35.Kf4 Bc6 36.Ke3 hxg5
37.hxg5 a5 38.Kd2 Bf3 39.Kc3 Bc6 40.Kb3 b5 41.Kc3 Kf7 42.Kb3  1/2-1/2

[Event "BL2-O9495"]
[Site "Germany"]
[Date "1995.??.??"]
[Round "?"]
[White "Kienast, Joerg"]
[Black "Zschaemisch, Dirk"]
[Result "1/2-1/2"]
[WhiteElo "2225"]
[BlackElo "2290"]

1.e4 c5 2.c3 Nf6 3.e5 Nd5 4.d4 cxd4 5.Nf3 Nc6 6.cxd4 d6 7.Be2 g6 8.O-O Bg7
9.exd6 Qxd6 10.Nc3 Nxc3 11.bxc3 O-O 12.Qa4 Rd8 13.Ba3 Qc7 14.Rad1 Be6 15.Rfe1 h6
16.Bd3 Rd5 17.Bc5 b6 18.Bb4 Nxb4 19.Qxb4 Rd6 20.a3 Rc8 21.Ba6 Rb8 22.c4 b5
23.Bxb5 a6 24.d5 axb5 25.dxe6 bxc4 26.exf7+ Kxf7 27.Qa4 Rxd1 28.Qxd1 c3 29.Qd5+ Kf8
30.Nd4 Bxd4 31.Qxd4 e5 32.Qe3 Kg7 33.Rc1 c2 34.Kf1 h5 35.Ke2 Rb5 36.Qd3 Rc5
37.a4 Qc6 38.a5 Rc4 39.f3 e4 40.fxe4 Rxe4+ 41.Kd2 Rc4  1/2-1/2

[Event "BL2-O9495"]
[Site "Germany"]
[Date "1995.??.??"]
[Round "?"]
[White "Liedtke, Matthias"]
[Black "Boehlig, Heinz"]
[Result "1/2-1/2"]
[WhiteElo "2270"]
[BlackElo "2310"]

1.e4 c5 2.c3 Nf6 3.e5 Nd5 4.d4 cxd4 5.Nf3 e6 6.cxd4 b6 7.Nc3 Bb7 8.Bd3 Be7
9.O-O O-O 10.Qe2 Nxc3 11.bxc3 d6 12.Bf4 dxe5 13.Nxe5 Nd7 14.Qh5 g6 15.Qh6 Nxe5
16.Bxe5 Bf6 17.Rfe1 Bxe5 18.Rxe5 Qf6 19.Rae1 Rfd8 20.R1e3 Rac8 21.Bf1 Rd5
22.Rh3 Rxe5 23.Qxh7+ Kf8 24.Qh6+ Kg8 25.Qh7+ Kf8 26.Qh6+ Kg8  1/2-1/2

[Event "BL9495 (Women)"]
[Site "Germany"]
[Date "1995.??.??"]
[Round "203"]
[White "Jahn, Constanze"]
[Black "Borulia, Ekaterina"]
[Result "1/2-1/2"]
[WhiteElo "2235"]
[BlackElo "2310"]

1.e4 c5 2.c3 Nf6 3.e5 Nd5 4.d4 cxd4 5.Nf3 Nc6 6.Bc4 Nb6 7.Bb3 d5 8.exd6 Qxd6
9.O-O Be6 10.Bxe6 Qxe6 11.cxd4 Rd8 12.Nc3 Qc4 13.Be3 e6 14.Rc1 Be7 15.b3 Qa6
16.a4 O-O 17.Nb5 Qa5 18.Bd2 Bb4 19.Bxb4 Qxb4 20.Rxc6 bxc6 21.Nxa7 Qc3 22.Qb1 Rd7
23.Rc1 Qb4 24.Nxc6 Qa3 25.h3 Rc8 26.Rc5 Nd5 27.Qc2 Ra8 28.Nfe5 Rb7 29.Nb4 Rf8
30.Nxd5 exd5 31.Rc3 g6 32.Nd3 Ra7 33.Nc5 Re8 34.Qd2 Kg7 35.Re3 Rb8 36.Re5 Rxb3
37.Nxb3 Qxb3 38.Qe2 Rxa4 39.Re7 Qb1+ 40.Kh2 Qf5 41.Qe3  1/2-1/2